01867cam a2200301 a 45000010009000000050017000090080041000260100017000670200015000840200019000990400018001180420008001360500025001440820021001692450105001902600059002953000035003545040064003895200821004536500025012746530019012997000027013187000028013457000029013739420012014029990017014149520134014311647561420110210121656.0100924s2010 maua b 001 0 eng  a 2010037601 a0123821940 a9780123821942  aDLCcDLCdDLC apcc00aTK5103.2b.M564 201100a621.384222bMIM00aMIMO :bFrom Theory to Implementation /c[edited by] Alain Sibille, Claude Oestges, Alberto Zanella. aBurlington, MA :bAcademic Press/Elsevier, 2011c2011. axxiv, 360 p. :bill. ;c25 cm. aIncludes bibliographical references (p. 331-356) and index. a"Multiple Input-Multiple Output (MIMO) techniques were developed about a decade ago and have steadily invaded all aspects of wireless communications. The techniques promise to deliver vast improvements in radio network capacity, throughput and robustness - hugely important issues for wireless operators and manufacturers who are looking at an estimated 600 million mobile broadband users by 2011 (Cartagena). You'll find a 'one-stop-shop' resource for anyone needing to know what MIMO is and how it will be incorporated into future wireless system design. Professionals needing to bring their knowledge up to speed will find a comprehensive and up-to-date description of the underlying theory along with practical guidance on how the fundamental algorithms can be made to work in tomorrow's communication systems"-- 0aMIMO systems.923368 bElecApril20111 aSibille, Alain.9233691 aOestges, Claude.9233701 aZanella, Alberto.923371 2ddccBB c15187d15187 00102ddc40708BaccahaMAINbMAINc1STd2011-04-27epurchaseg640.00h12158l0o621.384 MIMp000023405r2025-07-15 00:00:00yBB